मंजुल भगत समग्र कथा साहित्य (1) : (Record no. 119548)

MARC details
000 -LEADER
fixed length control field 01240nam a22002537a 4500
005 - DATE AND TIME OF LATEST TRANSACTION
control field 20170124103142.0
010 ## - LIBRARY OF CONGRESS CONTROL NUMBER
LC control number B-105010
020 ## - INTERNATIONAL STANDARD BOOK NUMBER
Terms of availability 300.00
International Standard Book Number 8170166403
035 ## - SYSTEM CONTROL NUMBER
System control number B-105010
037 ## - SOURCE OF ACQUISITION
Source of stock number/acquisition Cen Lib/Ret
040 ## - CATALOGING SOURCE
Original cataloging agency DPL
Language of cataloging HN
082 ## - DEWEY DECIMAL CLASSIFICATION NUMBER
Classification number 823
Item number मंजुल
245 ## - TITLE STATEMENT
Title मंजुल भगत समग्र कथा साहित्य (1) :
Statement of responsibility, etc संपादक कमल किशोर गोयनका
Remainder of title सम्पूर्ण उपन्यास /
246 ## - VARYING FORM OF TITLE
Title proper/short title Manjul bhagat samagr katha sahiitya (1) : sampuran upanyas
Remainder of title sampadak Kamal Kishor Goynka
260 ## - PUBLICATION, DISTRIBUTION, ETC. (IMPRINT)
Place of publication, distribution, etc नई दिल्ली
Name of publisher, distributor, etc किताबघर प्रकाशन
Date of publication, distribution, etc 2004
270 ## - ADDRESS
Address 24, अंसारी रोड दरिया गंज
City नई दिल्ली
Postal code 110002
300 ## - PHYSICAL DESCRIPTION
Extent 303पृष्ठ.
Dimensions 21सेमी(सजिल्द)
650 ## - SUBJECT ADDED ENTRY--TOPICAL TERM
Topical term or geographic name as entry element हिंदी साहित्य
9 (RLIN) 85517
650 ## - SUBJECT ADDED ENTRY--TOPICAL TERM
Topical term or geographic name as entry element हिंदी उपन्यास - मंजुल भगत
9 (RLIN) 85518
650 ## - SUBJECT ADDED ENTRY--TOPICAL TERM
Topical term or geographic name as entry element hindi literature
9 (RLIN) 85519
650 ## - SUBJECT ADDED ENTRY--TOPICAL TERM
Topical term or geographic name as entry element Hindi novel - Manjul Bhagat
9 (RLIN) 85520
700 ## - ADDED ENTRY--PERSONAL NAME
Personal name गोयनका, कमल किशोर
9 (RLIN) 46872
942 ## - ADDED ENTRY ELEMENTS (KOHA)
Source of classification or shelving scheme Dewey Decimal Classification
Koha item type Hindi Books
Classification part 823
Call number suffix मंजुल
Holdings
Withdrawn status Lost status Damaged status Not for loan Home library Current library Date acquired Source of acquisition Cost, normal purchase price Total Checkouts Full call number Barcode Date last seen Copy number Cost, replacement price Price effective from Koha item type
        Central Library Central Library 17/09/2015 Cen Lib/Ret 300.00   823 मंजुल B-105010 17/09/2015 1 300.00 17/09/2015 Hindi Books

© Delhi Public Library
Hit Counter
free hit counter